| 000 | 00856nam0a22002651 4500 | ||
|---|---|---|---|
| 001 | rc\4564055 | ||
| 005 | 20260406100533.0 | ||
| 021 |
_aRU _b[61-43292] |
||
| 035 | _a(NLR Aleph) 008371183 | ||
| 090 |
_a9058825 _c9058825 |
||
| 100 | _a20130416d1961 u y0rusy50 ca | ||
| 101 | 0 | _arus | |
| 102 | _aRU | ||
| 105 | _aa z |||a| | ||
| 200 | 1 |
_aРассказы об Ильиче _e[Для детей _fИл.: К. Кащеев |
|
| 210 |
_aМосква] _cМол. гвардия _d1961 |
||
| 215 |
_a103 с. _cил. _d26 |
||
| 700 | 1 |
_7ca _8rus _aМакрушенко _bП. И. _f1907- _gПавел Ильич _3RU\NLR\AUTH\770289018 _92693753 |
|
| 702 | 1 |
_aЛенин _bВ.И. _gВладимир Ильич _4570 |
|
| 702 | 1 |
_aКащеев _bК. _4440 |
|
| 801 | 0 |
_aRU _bNLR _gpsbo |
|
| 801 | 1 |
_aRU _bELAR _2rusmarc |
|
| 852 |
_aNLR _j61-7/1105 |
||
| 942 | _cBOOK | ||
| 980 | _aNB | ||